书目信息 |
| 题名: |
电工学习题解答
|
|
| 作者: | 章炎福 , 罗先植 著 | |
| 分册: | ||
| 出版信息: | 北京 中国工业出版社 1962 |
|
| 页数: | 89页 | |
| 开本: | 20cm | |
| 丛书名: | ||
| 单 册: | ||
| 中图分类: | TM3 | |
| 科图分类: | ||
| 主题词: | 电机 | |
| 电子资源: | ||
| ISBN: | ||
| 000 | 00571nam0 2200205 450 | |
| 001 | 0659010203 | |
| 005 | 20060430162509.46 | |
| 010 | @dCNY0.39 | |
| 100 | @a20060430d1962 km y0chiy0120 ea | |
| 101 | 0 | @achi |
| 102 | @aCN@b110000 | |
| 200 | 1 | @a电工学习题解答@Adian gong xue xi ti jie da@f章炎福,罗先植著@Fzhang yan fu,luo xian zhi zhu |
| 210 | @a北京@c中国工业出版社@d1962 | |
| 215 | @a89页@d20cm | |
| 606 | 0 | @a电机 |
| 690 | @aTM3@v3 | |
| 701 | 0 | @a章炎福@Azhang yan fu@4著 |
| 701 | 0 | @a罗先植@Aluo xian zhi@4著 |
| 801 | 0 | @aCN@bPFT@c20060430 |
| 905 | @a10447@dTM3@e11 | |
| 电工学习题解答/章炎福,罗先植著.-北京:中国工业出版社,1962 |
| 89页;20cm |
| ISBN :CNY0.39 |
| ● |
| 相关链接 |
|
|
|
|
正题名:电工学习题解答
索取号:TM3/11
 
预约/预借
| 序号 | 登录号 | 条形码 | 馆藏地/架位号 | 状态 | 备注 |
| 1 | 0015863 | 202326697 | 密集书库/ [索取号:TM3/11] | 在馆 |